000 00696nam a2200193Ia 4500
008 151119s9999||||xx |||||||||||||| ||und||
082 _a617.7
082 _bGKKV30227
100 _aजयस्वाल जयनारायण
245 _aचष्मा व नेत्ररोग चिकित्सा
260 _aमुंबई
260 _b-
260 _c0
600 _aजयस्वाल जयनारायण
630 _aचष्मा व नेत्ररोग चिकित्सा
700 _aजयस्वाल जयनारायण
730 _aचष्मा व नेत्ररोग चिकित्सा
942 _cBOOK
999 _c1082565
_d1082562